Top XIs: Newcastle United (1982-2023) - Statistics

General Stats
  • This quiz has been taken 235 times
  • The average score is 166 of 450
Answer Stats
Hint Position Answer % Correct
1996/1997 ST Alan Shearer
94%
1998/1999 ST Alan Shearer
94%
1999/2000 ST Alan Shearer
94%
2000/2001 ST Alan Shearer
94%
2001/2002 ST Alan Shearer
94%
2002/2003 ST Alan Shearer
94%
2003/2004 ST Alan Shearer
94%
2004/2005 ST Alan Shearer
94%
2005/2006 ST Alan Shearer
94%
2020/2021 ST Callum Wilson
83%
2021/2022 (1) ST Callum Wilson
83%
2022/2023 DF Kieran Trippier
79%
2019/2020 ST Joelinton
78%
2020/2021 MF Joelinton
78%
2021/2022 (1) MF Joelinton
78%
2021/2022 (2) MF Joelinton
78%
2021/2022 (2) MF Bruno Guimarães
72%
2022/2023 MF Bruno Guimarães
72%
2022/2023 ST Alexander Isak
69%
1993/1994 ST Andy Cole
68%
1994/1995 ST Andy Cole
68%
2018/2019 DF Fabian Schär
68%
2021/2022 (1) DF Fabian Schär
68%
2021/2022 (2) DF Fabian Schär
68%
2022/2023 DF Fabian Schär
68%
2016/2017 * MF Jonjo Shelvey
66%
2017/2018 MF Jonjo Shelvey
66%
2019/2020 MF Jonjo Shelvey
66%
2020/2021 MF Jonjo Shelvey
66%
2021/2022 (1) MF Jonjo Shelvey
66%
2021/2022 (2) MF Jonjo Shelvey
66%
2012/2013 ST Papiss Cissé
66%
2012/2013 EL ST Papiss Cissé
66%
2019/2020 MF Allan Saint-Maximin
65%
2021/2022 (1) MF Allan Saint-Maximin
65%
2021/2022 (2) MF Allan Saint-Maximin
65%
2022/2023 MF Allan Saint-Maximin
65%
2021/2022 (2) DF Dan Burn
65%
2022/2023 DF Dan Burn
65%
2019/2020 MF Miguel Almirón
65%
2020/2021 MF Miguel Almirón
65%
2021/2022 (1) MF Miguel Almirón
65%
2022/2023 MF Miguel Almirón
65%
2007/2008 ST Michael Owen
64%
2008/2009 ST Michael Owen
64%
2004/2005 DF Stephen Carr
62%
2005/2006 DF Stephen Carr
62%
2006/2007 DF Stephen Carr
62%
2009/2010 * ST Andy Carroll
61%
2010/2011 ST Andy Carroll
61%
2022/2023 DF Sven Botman
61%
1995/1996 ST Les Ferdinand
59%
1996/1997 ST Les Ferdinand
59%
2019/2020 MF Sean Longstaff
59%
2022/2023 MF Sean Longstaff
59%
2021/2022 (2) ST Chris Wood
58%
1995/1996 MF David Ginola
58%
1996/1997 MF David Ginola
58%
1996/1997 UC MF David Ginola
58%
2016/2017 * DF Jamaal Lascelles
57%
2017/2018 DF Jamaal Lascelles
57%
2018/2019 DF Jamaal Lascelles
57%
2019/2020 DF Jamaal Lascelles
57%
2021/2022 (1) DF Jamaal Lascelles
57%
2011/2012 MF Yohan Cabaye
56%
2012/2013 MF Yohan Cabaye
56%
2012/2013 EL MF Yohan Cabaye
56%
1997/1998 MF John Barnes
54%
1997/1998 UCL MF John Barnes
54%
1999/2000 MF Kieron Dyer
54%
2000/2001 MF Kieron Dyer
54%
2001/2002 MF Kieron Dyer
54%
2002/2003 MF Kieron Dyer
54%
2003/2004 MF Kieron Dyer
54%
2004/2005 MF Kieron Dyer
54%
2007/2008 MF Alan Smith
53%
2009/2010 * MF Alan Smith
53%
2016/2017 * DF Ciaran Clark
53%
2017/2018 DF Ciaran Clark
53%
2020/2021 DF Ciaran Clark
53%
1991/1992 * MF Lee Clark
53%
1992/1993 * MF Lee Clark
53%
1995/1996 MF Lee Clark
53%
2010/2011 MF Joey Barton
52%
2006/2007 DF Steven Taylor
52%
2007/2008 DF Steven Taylor
52%
2009/2010 * DF Steven Taylor
52%
1995/1996 DF Warren Barton
52%
1996/1997 UC DF Warren Barton
52%
1997/1998 UCL DF Warren Barton
52%
1998/1999 DF Warren Barton
52%
1999/2000 DF Warren Barton
52%
2000/2001 DF Warren Barton
52%
2008/2009 DF Fabricio Coloccini
50%
2009/2010 * DF Fabricio Coloccini
50%
2010/2011 DF Fabricio Coloccini
50%
2011/2012 DF Fabricio Coloccini
50%
2012/2013 DF Fabricio Coloccini
50%
2013/2014 DF Fabricio Coloccini
50%
2014/2015 DF Fabricio Coloccini
50%
2015/2016 DF Fabricio Coloccini
50%
2011/2012 MF Hatem Ben Arfa
50%
2013/2014 MF Hatem Ben Arfa
50%
2021/2022 (1) MF Joe Willock
50%
2021/2022 (2) MF Joe Willock
50%
2022/2023 MF Joe Willock
50%
1983/1984 * ST Peter Beardsley
50%
1984/1985 ST Peter Beardsley
50%
1985/1986 ST Peter Beardsley
50%
1986/1987 ST Peter Beardsley
50%
1993/1994 ST Peter Beardsley
50%
1994/1995 ST Peter Beardsley
50%
1995/1996 ST Peter Beardsley
50%
1996/1997 UC ST Peter Beardsley
50%
1998/1999 MF Gary Speed
49%
1999/2000 MF Gary Speed
49%
2000/2001 MF Gary Speed
49%
2001/2002 MF Gary Speed
49%
2003/2004 MF Gary Speed
49%
1992/1993 * MF Rob Lee
49%
1993/1994 MF Rob Lee
49%
1994/1995 MF Rob Lee
49%
1995/1996 MF Rob Lee
49%
1996/1997 MF Rob Lee
49%
1996/1997 UC MF Rob Lee
49%
1997/1998 MF Rob Lee
49%
1997/1998 UCL MF Rob Lee
49%
1998/1999 MF Rob Lee
49%
1999/2000 MF Rob Lee
49%
2015/2016 MF Georginio Wijnaldum
48%
1982/1983 * ST Kevin Keegan
48%
1983/1984 * ST Kevin Keegan
48%
2014/2015 ST Ayoze Pérez
47%
2015/2016 ST Ayoze Pérez
47%
2016/2017 * ST Ayoze Pérez
47%
2017/2018 ST Ayoze Pérez
47%
2018/2019 ST Ayoze Pérez
47%
2001/2002 MF Laurent Robert
47%
2002/2003 MF Laurent Robert
47%
2003/2004 MF Laurent Robert
47%
2004/2005 MF Laurent Robert
47%
2004/2005 MF Lee Bowyer
46%
2005/2006 MF Lee Bowyer
46%
2013/2014 MF Moussa Sissoko
46%
2014/2015 MF Moussa Sissoko
46%
2015/2016 MF Moussa Sissoko
46%
2001/2002 ST Craig Bellamy
45%
2002/2003 ST Craig Bellamy
45%
2020/2021 MF Jacob Murphy
44%
1998/1999 MF Nolberto Solano
44%
1999/2000 MF Nolberto Solano
44%
2000/2001 MF Nolberto Solano
44%
2001/2002 MF Nolberto Solano
44%
2002/2003 MF Nolberto Solano
44%
1999/2000 DF Aaron Hughes
43%
2000/2001 DF Aaron Hughes
43%
2001/2002 DF Aaron Hughes
43%
2002/2003 DF Aaron Hughes
43%
2003/2004 DF Aaron Hughes
43%
2004/2005 DF Aaron Hughes
43%
2021/2022 (2) DF Matt Targett
43%
1985/1986 MF Paul Gascoigne
43%
1986/1987 MF Paul Gascoigne
43%
1987/1988 MF Paul Gascoigne
43%
2010/2011 MF Cheick Tioté
42%
2011/2012 MF Cheick Tioté
42%
2012/2013 MF Cheick Tioté
42%
2013/2014 MF Cheick Tioté
42%
2019/2020 DF Federico Fernández
42%
2020/2021 DF Federico Fernández
42%
2002/2003 MF Jermaine Jenas
42%
2003/2004 MF Jermaine Jenas
42%
2004/2005 MF Jermaine Jenas
42%
2003/2004 ST Shola Ameobi
42%
2005/2006 ST Shola Ameobi
42%
2012/2013 EL ST Shola Ameobi
42%
1982/1983 * MF Mick Martin
41%
1996/1997 UC ST Faustino Asprilla
40%
1997/1998 UCL ST Faustino Asprilla
40%
2017/2018 DF Javi Manquillo
40%
2019/2020 DF Javi Manquillo
40%
2021/2022 (1) DF Javi Manquillo
40%
2006/2007 MF James Milner
39%
2007/2008 DF James Milner
39%
2008/2009 MF Jonás Gutiérrez
39%
2009/2010 * MF Jonás Gutiérrez
39%
2010/2011 MF Jonás Gutiérrez
39%
2011/2012 MF Jonás Gutiérrez
39%
2012/2013 MF Jonás Gutiérrez
39%
2015/2016 ST Aleksandar Mitrović
38%
1995/1996 MF Keith Gillespie
38%
1996/1997 MF Keith Gillespie
38%
1996/1997 UC MF Keith Gillespie
38%
1997/1998 MF Keith Gillespie
38%
1997/1998 UCL MF Keith Gillespie
38%
2006/2007 MF Nicky Butt
38%
2007/2008 MF Nicky Butt
38%
2008/2009 MF Nicky Butt
38%
2005/2006 MF Scott Parker
38%
2006/2007 MF Scott Parker
38%
1991/1992 * DF Steve Howey
38%
1992/1993 * DF Steve Howey
38%
1994/1995 DF Steve Howey
38%
1995/1996 DF Steve Howey
38%
1991/1992 * DF Steve Watson
38%
1993/1994 DF Steve Watson
38%
1994/1995 MF Steve Watson
38%
1996/1997 DF Steve Watson
38%
1997/1998 DF Steve Watson
38%
1997/1998 UCL DF Steve Watson
38%
1994/1995 DF Darren Peacock
37%
1995/1996 DF Darren Peacock
37%
1996/1997 DF Darren Peacock
37%
1996/1997 UC DF Darren Peacock
37%
1990/1991 * MF Gavin Peacock
37%
1991/1992 * MF Gavin Peacock
37%
1992/1993 * MF Gavin Peacock
37%
2009/2010 * MF Kevin Nolan
37%
2010/2011 MF Kevin Nolan
37%
1996/1997 DF Philippe Albert
37%
1996/1997 UC DF Philippe Albert
37%
1997/1998 DF Philippe Albert
37%
1997/1998 UCL DF Philippe Albert
37%
2016/2017 * ST Dwight Gayle
36%
2017/2018 ST Dwight Gayle
36%
2018/2019 MF Isaac Hayden
36%
2019/2020 MF Isaac Hayden
36%
2020/2021 MF Isaac Hayden
36%
1982/1983 * DF John Anderson
36%
1983/1984 * DF John Anderson
36%
1984/1985 DF John Anderson
36%
1985/1986 DF John Anderson
36%
1986/1987 DF John Anderson
36%
1987/1988 DF John Anderson
36%
1988/1989 DF John Anderson
36%
1989/1990 * DF John Anderson
36%
1990/1991 * DF John Anderson
36%
1992/1993 * DF John Beresford
36%
1993/1994 DF John Beresford
36%
1994/1995 DF John Beresford
36%
1995/1996 DF John Beresford
36%
1997/1998 UCL DF John Beresford
36%
1996/1997 MF David Batty
35%
1996/1997 UC MF David Batty
35%
1997/1998 MF David Batty
35%
1997/1998 UCL MF David Batty
35%
2008/2009 DF Jose Enrique
35%
2009/2010 * DF Jose Enrique
35%
2010/2011 DF Jose Enrique
35%
2016/2017 * MF Matt Ritchie
35%
2017/2018 MF Matt Ritchie
35%
2018/2019 MF Matt Ritchie
35%
2021/2022 (1) DF Matt Ritchie
35%
2020/2021 DF Jamal Lewis
34%
2006/2007 ST Obafemi Martins
34%
2007/2008 ST Obafemi Martins
34%
2008/2009 ST Obafemi Martins
34%
2014/2015 DF Paul Dummett
34%
2015/2016 DF Paul Dummett
34%
2016/2017 * DF Paul Dummett
34%
2018/2019 DF Paul Dummett
34%
1992/1993 * DF Barry Venison
33%
1993/1994 DF Barry Venison
33%
1994/1995 DF Barry Venison
33%
2010/2011 DF Mike Williamson
33%
2011/2012 DF Mike Williamson
33%
2012/2013 DF Mike Williamson
33%
2012/2013 EL DF Mike Williamson
33%
2013/2014 DF Mike Williamson
33%
2014/2015 DF Mike Williamson
33%
2012/2013 DF Mathieu Debuchy
32%
2013/2014 DF Mathieu Debuchy
32%
2006/2007 MF Damien Duff
30%
2008/2009 MF Damien Duff
30%
2016/2017 * DF DeAndre Yedlin
30%
2017/2018 DF DeAndre Yedlin
30%
2018/2019 DF DeAndre Yedlin
30%
2013/2014 ST Loïc Rémy
30%
1999/2000 ST Duncan Ferguson
29%
2020/2021 DF Emil Krafth
29%
2021/2022 (2) DF Emil Krafth
29%
2003/2004 DF Titus Bramble
29%
2005/2006 DF Titus Bramble
29%
2006/2007 DF Titus Bramble
29%
1982/1983 * MF Chris Waddle
28%
1983/1984 * MF Chris Waddle
28%
1984/1985 MF Chris Waddle
28%
2009/2010 * DF Danny Simpson
28%
2010/2011 DF Danny Simpson
28%
2011/2012 DF Danny Simpson
28%
2012/2013 EL DF Danny Simpson
28%
1996/1997 DF Robbie Elliott
28%
1996/1997 UC DF Robbie Elliott
28%
2001/2002 DF Robbie Elliott
28%
2018/2019 ST Salomón Rondón
28%
2014/2015 DF Daryl Janmaat
27%
2015/2016 DF Daryl Janmaat
27%
2005/2006 DF J.A. Boumsong
27%
2004/2005 ST Patrick Kluivert
27%
2005/2006 MF Charles N'Zogbia
26%
2007/2008 MF Charles N'Zogbia
26%
1982/1983 * DF Jeff Clarke
26%
1985/1986 DF Jeff Clarke
26%
1997/1998 ST Jon Dahl Tomasson
26%
1997/1998 UCL ST Jon Dahl Tomasson
26%
1984/1985 DF Malcolm Brown
26%
2013/2014 MF Yoan Gouffran
26%
2014/2015 MF Yoan Gouffran
26%
2016/2017 * MF Yoan Gouffran
26%
2001/2002 DF Andy O'Brien
25%
2002/2003 DF Andy O'Brien
25%
2003/2004 DF Andy O'Brien
25%
2004/2005 DF Andy O'Brien
25%
2005/2006 DF Celestine Babayaro
25%
1988/1989 MF Liam O'Brien
25%
1990/1991 * MF Liam O'Brien
25%
1991/1992 * MF Liam O'Brien
25%
1992/1993 * MF Liam O'Brien
25%
1998/1999 DF Nikos Dabizas
25%
1999/2000 DF Nikos Dabizas
25%
2001/2002 DF Nikos Dabizas
25%
1993/1994 MF Ruel Fox
25%
1994/1995 MF Ruel Fox
25%
1997/1998 DF Stuart Pearce
25%
2014/2015 MF Jack Colback
24%
2015/2016 MF Jack Colback
24%
1997/1998 MF Temur Ketsbaia
24%
1998/1999 MF Temur Ketsbaia
24%
2012/2013 MF Vurnon Anita
24%
2012/2013 EL MF Vurnon Anita
24%
2013/2014 MF Vurnon Anita
24%
2014/2015 MF Vurnon Anita
24%
2015/2016 MF Vurnon Anita
24%
2002/2003 DF Olivier Bernard
23%
2003/2004 DF Olivier Bernard
23%
2004/2005 DF Olivier Bernard
23%
1997/1998 DF Alessandro Pistone
22%
1991/1992 * ST David Kelly
22%
1992/1993 * ST David Kelly
22%
1989/1990 * ST Micky Quinn
22%
1990/1991 * ST Micky Quinn
22%
2011/2012 DF Davide Santon
21%
2012/2013 DF Davide Santon
21%
2012/2013 EL DF Davide Santon
21%
2013/2014 DF Davide Santon
21%
2005/2006 MF Emre Belözoğlu
21%
2006/2007 MF Emre Belözoğlu
21%
2000/2001 DF Andy Griffin
20%
2002/2003 DF Andy Griffin
20%
2017/2018 MF Christian Atsu
20%
1998/1999 DF Didier Domi
20%
1999/2000 DF Didier Domi
20%
2018/2019 MF Christian Atsu
20%
2012/2013 EL MF Gabriel Obertan
20%
2011/2012 MF Gabriel Obertan
20%
2014/2015 MF Rémy Cabella
20%
1993/1994 MF Scott Sellars
20%
1982/1983 * MF Terry McDermott
20%
1983/1984 * MF Terry McDermott
20%
1998/1999 MF Dietmar Hamann
19%
2007/2008 MF Geremi Njitap
19%
1988/1989 DF Kevin Scott
19%
1989/1990 * DF Kevin Scott
19%
1990/1991 * DF Kevin Scott
19%
1991/1992 * DF Kevin Scott
19%
1992/1993 * DF Kevin Scott
19%
1993/1994 DF Kevin Scott
19%
1987/1988 ST Mirandinha
19%
1988/1989 ST Mirandinha
19%
2016/2017 * MF Mohamed Diamé
19%
2017/2018 MF Mohamed Diamé
19%
2018/2019 MF Mohamed Diamé
19%
1982/1983 * MF Neil McDonald
19%
1984/1985 MF Neil McDonald
19%
1985/1986 MF Neil McDonald
19%
1986/1987 MF Neil McDonald
19%
1987/1988 MF Neil McDonald
19%
1993/1994 MF Paul Bracewell
19%
1986/1987 DF Peter Jackson
19%
1987/1988 DF Peter Jackson
19%
2009/2010 * ST Peter Lövenkrands
19%
2010/2011 ST Peter Lövenkrands
19%
2015/2016 DF Chancel Mbemba
18%
2008/2009 DF Sabastien Bassong
18%
2000/2001 MF Clarence Acuña
17%
2011/2012 ST Demba Ba
17%
2012/2013 ST Demba Ba
17%
2000/2001 DF Alain Goma
16%
2008/2009 MF Danny Guthrie
16%
2009/2010 * MF Danny Guthrie
16%
1994/1995 DF Marc Hottiger
16%
1983/1984 * DF Glenn Roeder
15%
1984/1985 DF Glenn Roeder
15%
1985/1986 DF Glenn Roeder
15%
1986/1987 DF Glenn Roeder
15%
1987/1988 DF Glenn Roeder
15%
2007/2008 DF Habib Beye
15%
2008/2009 DF Habib Beye
15%
1998/1999 DF Laurent Charvet
15%
2000/2001 MF Christian Bassedas
12%
2019/2020 DF Jetro Willems
12%
1988/1989 DF Kenny Sansom
12%
2006/2007 DF Peter Ramage
12%
1982/1983 * DF Kenny Wharton
11%
1983/1984 * DF Kenny Wharton
11%
1984/1985 DF Kenny Wharton
11%
1986/1987 DF Kenny Wharton
11%
1987/1988 DF Kenny Wharton
11%
1983/1984 * MF Dave McCreery
10%
1984/1985 MF Dave McCreery
10%
1985/1986 MF Dave McCreery
10%
1986/1987 MF Dave McCreery
10%
1987/1988 MF Dave McCreery
10%
1988/1989 MF Dave McCreery
10%
1982/1983 * ST Imre Varadi
10%
1991/1992 * MF Kevin Sheedy
9%
1992/1993 * MF Kevin Sheedy
9%
2012/2013 EL DF M. Yanga-Mbiwa
8%
1987/1988 MF Michael O'Neill
7%
1988/1989 MF Michael O'Neill
7%
1989/1990 * MF Roy Aitken
7%
1990/1991 * MF Roy Aitken
7%
2012/2013 EL MF Sylvain Marveaux
7%
1985/1986 MF Ian Stewart
6%
1988/1989 ST John Hendrie
6%
1988/1989 MF Kevin Brock
6%
1989/1990 * MF Kevin Brock
6%
1990/1991 * MF Kevin Brock
6%
1991/1992 * MF Kevin Brock
6%
1989/1990 * ST Mark McGhee
6%
1990/1991 * ST Mark McGhee
6%
1989/1990 * DF Bjørn Kristensen
5%
1990/1991 * DF Bjørn Kristensen
5%
1985/1986 DF John Bailey
5%
1986/1987 ST Paul Goddard
5%
1987/1988 ST Paul Goddard
5%
1989/1990 * DF Ray Ranson
5%
1988/1989 DF Andy Thorn
4%
2007/2008 DF David Rozehnal
4%
1983/1984 * MF John Ryan
4%
1989/1990 * MF Kevin Dillon
4%
1989/1990 * DF Mark Stimson
4%
1990/1991 * DF Mark Stimson
4%
1991/1992 * DF Mark Stimson
4%
1985/1986 MF Paul Stephenson
4%
1986/1987 MF Paul Stephenson
4%
1982/1983 * DF Steve Carney
4%
1983/1984 * DF Steve Carney
4%
1984/1985 MF Gary Megson
1%
1984/1985 MF Pat Heard
0%
No matching quizzes found
Score Distribution
Percent of People with Each Score
Percentile by Number Answered
Your Score History
You have not taken this quiz